| 000 | 00352nam a22001337a 4500 | ||
|---|---|---|---|
| 003 | 1 | ||
| 005 | 20241212115328.0 | ||
| 008 | 241212b xxu||||| |||| 00| 0 eng d | ||
| 022 | _29781338763171 | ||
| 100 | _aHena Khan | ||
| 245 |
_aOn point: _bZayd Saleem, chasing the dream/ _cKhan, Hena |
||
| 260 |
_aU.S.A: _bScholastic,Inc.; _c2018. |
||
| 942 |
_2ddc _cBK |
||
| 999 |
_c366814 _d366814 |
||